Online
Catalog

Las Islas Canarias a traves de la historia : (Record no. 6451)

MARC details
000 -CABECERA
campo de control de longitud fija 00736cam a2200193 a 4500
001 - NÚMERO DE CONTROL
campo de control 000006662
005 - FECHA Y HORA DE LA ÚLTIMA TRANSACCIÓN
campo de control 20200929153953.0
008 - DATOS DE LONGITUD FIJA--INFORMACIÓN GENERAL
campo de control de longitud fija 830311s1972 sp a 001 0 spa
040 ## - FUENTE DE LA CATALOGACIÓN
Centro catalogador/agencia de origen DO-SdBNP
Lengua de catalogación spa
Centro/agencia transcriptor BNPHU
082 ## - NÚMERO DE LA CLASIFICACIÓN DECIMAL DEWEY
Número de clasificación 964.9
Número de documento/Ítem L8642, 1972
100 1# - ENTRADA PRINCIPAL--NOMBRE DE PERSONA
Nombre de persona López Herrera, Salvador,
Fechas asociadas al nombre 1915-
9 (RLIN) 18524
245 14 - MENCIÓN DE TÍTULO
Título Las Islas Canarias a traves de la historia :
Resto del título con 44 láminas fuera de texto /
Mención de responsabilidad, etc. Salvador López Herrera ; prólogo de Manuel Ballesteros Gaibrois.
250 ## - MENCIÓN DE EDICIÓN
Mención de edición 2a ed.
260 ## - PUBLICACIÓN, DISTRIBUCIÓN, ETC.
Lugar de publicación, distribución, etc. Madrid :
Nombre del editor, distribuidor, etc. Suc. de Vda. de Galo Sáez,
Fecha de publicación, distribución, etc. 1972.
300 ## - DESCRIPCIÓN FÍSICA
Extensión xx, 201 p. :
Otras características físicas il. ;
Dimensiones 23 cm.
504 ## - NOTA DE BIBLIOGRAFÍA, ETC.
Nota de bibliografía, etc. Bibliografía: p. 199-201.
651 #4 - PUNTO DE ACCESO ADICIONAL DE MATERIA--NOMBRE GEOGRÁFICO
Nombre geográfico Canarias (Islas{Rpara}
Subdivisión general Historia
9 (RLIN) 18525
700 1# - PUNTO DE ACCESO ADICIONAL--NOMBRE DE PERSONA
Nombre de persona Ballesteros Gaibrois, Manuel,
Término indicativo de función/relación pról.
9 (RLIN) 18526
Holdings
Estado de retiro Estado de pérdida Restricciones de uso No para préstamo Código de colección Localización permanente Ubicación/localización actual Ubicación en estantería Fecha de adquisición Número de inventario Total de préstamos Signatura topográfica completa Código de barras Fecha visto por última vez Precio válido a partir de Tipo de ítem Koha
    Préstamo interno   Monografías: Libros y Folletos General General En catalogación 01.09.2009 LF1   964.9 L8642, 1972 6662-10 25.06.2020 25.06.2020 Préstamo interno
        Monografías: Libros y Folletos Patrimonio Dominicano Patrimonio Dominicano Orden iniciada 29.03.2017 LF1   964.9 L8642, 1972 6662-20 25.06.2020 25.06.2020 No se presta

Powered by Koha